MS-DOS For Beginners (Record no. 295168)

MARC details
000 -LEADER
fixed length control field 00388nam a2200157Ia 4500
008 - FIXED-LENGTH DATA ELEMENTS--GENERAL INFORMATION
fixed length control field 230718s9999 xx 000 0 und d
041 ## - LANGUAGE CODE
Language code of text/sound track or separate title eng
082 ## - DEWEY DECIMAL CLASSIFICATION NUMBER
Classification number 005.2682
Item number HEL
100 ## - MAIN ENTRY--PERSONAL NAME
Personal name Helmut T.
9 (RLIN) 154357
245 ## - TITLE STATEMENT
Title MS-DOS For Beginners
260 ## - PUBLICATION, DISTRIBUTION, ETC. (IMPRINT)
Date of publication, distribution, etc. 1990
Name of publisher, distributor, etc. Abacus
300 ## - PHYSICAL DESCRIPTION
Extent 190
365 ## - TRADE PRICE
Currency code Rs.
Price amount 285.00
700 ## - ADDED ENTRY--PERSONAL NAME
Personal name Helmut T.
9 (RLIN) 154357
906 ## - LOCAL DATA ELEMENT F, LDF (RLIN)
d B:69122-Mar-1996
c COMP
b 42.75
Holdings
Withdrawn status Lost status Damaged status Not for loan Home library Current library Date acquired Vendor Budget Code Cost, normal purchase price Bill number Total Checkouts Full call number Barcode Date last seen Discount Cost, replacement price Bill Date Koha item type Original Barcode
        Cummins College of Engineering for Women Pune Cummins College of Engineering for Women Pune 26/03/1996 Pradeep Book Distributors COMP 242.25 691   005.2682 CCEP-BK-6373 18/07/2023 42.75 285.00 22/03/1996 Books 006373